| 000 | 01011nam0a2200313 4500 | ||
|---|---|---|---|
| 001 | RU\NLR\b_ik\110871 | ||
| 005 | 20250616225326.0 | ||
| 010 | _a5-89850-043-X | ||
| 035 | _a(NLR Aleph) 002184592 | ||
| 090 |
_a2829164 _c2829164 |
||
| 100 | _a20040416d2002 |||y0rusy50 ca | ||
| 101 | 0 | _aspa | |
| 102 |
_aRU _aES |
||
| 105 | _aac ||||||||| | ||
| 200 | 1 |
_aÉtica viva para un mundo moderno _eLa enseñanza del corazón _fLeonardo Olazabal Amaral |
|
| 210 |
_aSamara _cAgni _aBilbao _cADA Roerich _d2002 |
||
| 215 |
_a111, [7] с. _cил., цв. ил., портр. _d22 |
||
| 225 | 1 | _aColección "Agni-yoga para el tercer mileno" | |
| 541 | 0 |
_aЖивая этика в современном мире _zrus |
|
| 606 | 1 |
_aАгни-Йога _9899899 _3RU\NLR\AUTH\666861 |
|
| 686 | 2 | _aЭ391.6 | |
| 686 | 1 | _aЮ3(2)6-677 | |
| 700 | 1 |
_aOlazabal Amaral _bL. _gLeonardo _4070 |
|
| 801 | 0 |
_aRU _bNLR _c20040416 _gPSBO |
|
| 942 | _cBOOK | ||
| 980 | _aNB | ||